000 00275nam a2200121Ia 4500
008 190216s9999||||xx |||||||||||||| ||und||
100 _aSivanarayana Chadurvedhi
245 0 _aHindi-Pradhirodh
260 _bSahgithya Sangam
300 _a93
650 _aHindi
942 _cBK
999 _c16222
_d16222